00751nam a2200205 4500999001900000005001700019010001500036020002600051035001400077037001300091082000800104100002400112245006800136260003100204270010200235300002000337500005000357942002200407952011600429 c169043d16904320191104155610.0 aENG-126811 a9788181523150c750.00 aEN-110343 bDBAD/PUB a822 aMukherjee, Nibedita aThe dark forces in Shakespeare's plays /cby Nibedita Mukherjee aJaipurbBook Enclavec2013 aF-11, S.S.Tower, Dhamani Street, Chaura Rastae302003mbooksenclave@yahoo.combJaipurk9414443132 a197p.c21cm(Hb) aIncludes bibliographical references and index 2ddccENh822mMUK 001040708NFICaLbLd2019-11-04eDBAD/PUBg750.00l0o822 MUKpEN-110343r2019-11-04 00:00:00t1v750.00yEN